| 000 | 00526nam a2200205Ia 4500 | ||
|---|---|---|---|
| 003 | GCL | ||
| 008 | 140319s9999 xx 000 0 eng d | ||
| 040 |
_aGCL / _cGCL |
||
| 082 | 0 | 4 |
_a797.23 _bC J |
| 100 | 1 | _aFGSTROM, GLEN | |
| 245 | 1 | 0 |
_aJAPAPNESS' ADVANCED APORT DWER MANUAL'S / _cFGSTROM, GLEN |
| 700 | 1 | _aCLINCLY, RCHARD | |
| 260 |
_a[S.N] : _bMOSBY LIFELINE ، _c1993 |
||
| 300 | _a290 P | ||
| 650 | 0 | 4 | _aتقوية الذاكرة |
| 650 | 0 | 4 | _aMANUALS |
| 650 | 0 | 4 | _aARTS |
| 650 | 0 | 4 | _aSUBMARINE |
| 942 |
_2ddc _cBK |
||
| 999 |
_c24260 _d24260 |
||